| 000 | 00443nam a2200181Ia 4500 | ||
|---|---|---|---|
| 001 | 13674 | ||
| 005 | 20260306164818.0 | ||
| 008 | 260306t2012||||xx |||||||||||||| ||spa|| | ||
| 041 | _aESP | ||
| 082 |
_a005.12 _bD59 |
||
| 100 |
_aDerby, Esther _eAUT |
||
| 245 | 0 |
_aAgile retrospectives: _bmaking good teams great |
|
| 260 | _c2012 | ||
| 300 |
_axvi, 155 páginas : _c23 cm. |
||
| 650 | _aGEN | ||
| 654 | _aCCC | ||
| 942 |
_cLIB _dJUS _fJUS _2ddc _n |
||
| 999 |
_c13674 _d13674 |
||